| 000 | 01037cam a2200289 i 4500 | ||
|---|---|---|---|
| 001 | 000015752 | ||
| 005 | 20200929164136.0 | ||
| 008 | 800908s1981 nyua b 001 0ceng d | ||
| 020 | _a0671247654 | ||
| 040 |
_aDO-SdBNP _cDLC _dDLC _dBNPHU |
||
| 043 | _an-us--- | ||
| 082 |
_aNNNN _bC456h |
||
| 100 | 1 |
_aChaney, Lindsay, _d1951- _935437 |
|
| 245 | 1 | 4 |
_aThe Hearsts : _bfamily and empire - the later years / _cLindsay Chaney, Michael Cieply. |
| 260 |
_aNew York : _bSimon and Schuster, _c1981. |
||
| 300 |
_a410, [1] P. : _bill. ; _c24 cm. |
||
| 504 | _aBibliography: p. [393]-396. | ||
| 500 | _aIncludes index. | ||
| 600 | 1 | 0 |
_aHearst, William Randolph, _d1863-1951 _xFamily. _935438 |
| 650 | 0 |
_aPublishers and publishing _zUnited States _xBiography. _935439 |
|
| 650 | 0 |
_aNewspaper publishing _zUnited States _xHistory _y20th century. _935440 |
|
| 600 | 3 | 0 |
_aHearst family. _935441 |
| 610 | 2 | 0 |
_aHearst Corporation. _935442 |
| 700 | 1 |
_aCieply, Michael, _d1951- _ejoint author. _935443 |
|
| 910 | _aCatalogación derivada | ||
| 049 | _aBNGR | ||
| 999 |
_c15302 _d15302 |
||